Normal view MARC view
  • Fernández Antelo, Inmaculada

Entry Nombre Personal

Number of records used in: 1

001 - NUMERO DE CONTROL

  • campo de control: 49806

003 - IDENTIFICADOR DE NUMERO DE CONTROL

  • campo de control: MX-MxUPN

005 - FECHA Y HORA DE LA ÜLTIMA TRANSACCIÓN

  • campo de control: 20230822100144.0

008 - DATOS DE LONGITUD FIJA

  • campo de control de longitud fija: 230822|| aca||aabn | a|a d

040 ## - FUENTE DE CATALOGACIÓN

  • Agencia original de catalogación: MX-MxUPN
  • Lenguaje de catalogación: spa
  • Agencia de transcripción: MX-MxUPN

100 1# - ENCABEZAMIENTO - NOMBRE PERSONAL

  • Nombre personal: Fernández Antelo, Inmaculada

670 ## - FUENTE EN LA QUE SE LOCALIZARON DATOS

  • Cita de la fuente: La comunicación eficaz con los alumnos : factores personales, contextuales y herramientas TIC, 2011:
  • Información localizada: portada (Inmaculada Fernández Antelo)

902 ## - CATALOGADOR

  • Catalogador: Víctor Ruiz/220823